Central Library OPAC University of Rajshahi

The labor problems of American society / (Record no. 43464)

MARC details
000 -LEADER
fixed length control field 00853nam a2200253 a 4500
001 - CONTROL NUMBER
control field 43464
003 - CONTROL NUMBER IDENTIFIER
rucl marc code BD-RjUL
005 - DATE AND TIME OF LATEST TRANSACTION
control field 20211209053712.0
008 - FIXED-LENGTH DATA ELEMENTS--GENERAL INFORMATION
fixed length control field 160622s1952 mau 001 0 eng
035 ## - SYSTEM CONTROL NUMBER
System control number (BD-RjUL)43582
040 ## - CATALOGING SOURCE
Original cataloging agency DLC
Transcribing agency ODaWU
Modifying agency OCoLC
-- MoSU-L
-- DLC
-- BD-RjUL
Language of cataloging eng
041 ## - LANGUAGE CODE
Language code of text/sound track or separate title eng
082 ## - DEWEY DECIMAL CLASSIFICATION NUMBER
Edition number 23
Classification number 331
Author mark and year DAL 1952
100 1# - MAIN ENTRY--PERSONAL NAME
Personal name Daugherty, Carroll R.
Dates associated with a name 1900-
9 (RLIN) 133485
245 14 - TITLE STATEMENT
Title The labor problems of American society /
Statement of responsibility, etc. by Carroll R. Daugherty and John B. Parrish.
260 ## - PUBLICATION, DISTRIBUTION, ETC. (IMPRINT)
Place of publication, distribution, etc. Boston :
Name of publisher, distributor, etc. Houghton Mifflin,
Date of publication, distribution, etc. c1952.
300 ## - PHYSICAL DESCRIPTION
Pagination xi, 846 p. ;
Size 25 cm.
500 ## - GENERAL NOTE
General note Includes index.
650 #0 - SUBJECT ADDED ENTRY--TOPICAL TERM
Topical term or geographic name as entry element Labor and laboring classes
Geographic subdivision United States.
9 (RLIN) 132518
Topical term or geographic name as entry element Industries
Geographic subdivision United States.
9 (RLIN) 116910
Topical term or geographic name as entry element Labor laws and legislation
Geographic subdivision United States.
9 (RLIN) 117073
700 1# - ADDED ENTRY--PERSONAL NAME
Personal name Parrish, John Bishop,
942 ## - ADDED ENTRY ELEMENTS (KOHA)
Source of classification or shelving scheme Dewey Decimal Classification
Koha item type Books
Holdings
Lost status Source of classification or shelving scheme Damaged status Not for loan Collection code Permanent Location Current Location Shelving location Date acquired Source of acquisition Total Checkouts Full call number Date last seen Copy number Koha item type
  Dewey Decimal Classification     Non-fiction Central Library, University of Rajshahi Central Library, University of Rajshahi   01/11/1963 Asia foundation, Gift   331 DAL 1952 22/06/2016 C-2 Books
  Dewey Decimal Classification     Non-fiction Central Library, University of Rajshahi Central Library, University of Rajshahi   01/11/1963 Asia foundation, Gift   331 DAL 1952 31/08/2016 C-3 Books